How to speak dolphin (Record no. 750)

MARC details
000 -LEADER
fixed length control field 01798cam a2200409 i 4500
005 - DATE AND TIME OF LATEST TRANSACTION
control field 20241104142504.0
020 ## - INTERNATIONAL STANDARD BOOK NUMBER
International Standard Book Number 9780545676052
040 ## - CATALOGING SOURCE
Original cataloging agency NJQ/DLC
Language of cataloging eng
Transcribing agency NJQ
Description conventions rda
Modifying agency DLC
050 00 - LIBRARY OF CONGRESS CALL NUMBER
Classification number PZ7.R69
Item number Ho 2015
082 04 - DEWEY DECIMAL CLASSIFICATION NUMBER
Classification number 303
Edition number 23
100 1# - MAIN ENTRY--PERSONAL NAME
Personal name Rorby, Ginny
Relator term author
245 10 - TITLE STATEMENT
Title How to speak dolphin
Statement of responsibility, etc. Ginny Rorby
250 ## - EDITION STATEMENT
Edition statement This edition first printing, February 2015
260 ## - PUBLICATION, DISTRIBUTION, ETC.
Name of publisher, distributor, etc. Scholastic,
Place of publication, distribution, etc. New York :
Date of publication, distribution, etc. 2015
300 ## - PHYSICAL DESCRIPTION
Extent 264 pages :
Dimensions 22 cm
Other physical details illustrations ;
505 ## - FORMATTED CONTENTS NOTE
Formatted contents note R <br/>
520 ## - SUMMARY, ETC.
Summary, etc. Since her mother died, twelve-year-old Lily has struggled to care for her severely autistic half-brother, Adam, in their Miami home, but she is frustrated and angry because her oncologist step-father, Don, expects her to devote her time to Adam, and is unwilling to admit that Adam needs professional help--but when Adam bonds with a young dolphin with cancer Lily is confronted with another dilemma: her family or the dolphin's freedom.
521 ## - TARGET AUDIENCE NOTE
Target audience note 780 <br/><br/>
Source Lexile <br/><br/>
521 ## - TARGET AUDIENCE NOTE
Target audience note R <br/>
Source Raz-Plus <br/>
650 #0 - SUBJECT ADDED ENTRY--TOPICAL TERM
Topical term or geographic name entry element Autistic children
Form subdivision Fiction and Literature.
650 #0 - SUBJECT ADDED ENTRY--TOPICAL TERM
Topical term or geographic name entry element Dolphins
Form subdivision Fiction and Literature.
650 #0 - SUBJECT ADDED ENTRY--TOPICAL TERM
Topical term or geographic name entry element Brothers and sisters
Form subdivision Fiction and Literature.
650 #0 - SUBJECT ADDED ENTRY--TOPICAL TERM
Topical term or geographic name entry element Fathers and daughters
Form subdivision Fiction and Literature.
650 #0 - SUBJECT ADDED ENTRY--TOPICAL TERM
Topical term or geographic name entry element Stepfathers
Form subdivision Fiction and Literature.
650 #0 - SUBJECT ADDED ENTRY--TOPICAL TERM
Topical term or geographic name entry element Families
Geographic subdivision Florida
-- Miami
Form subdivision Fiction and Literature.
650 #0 - SUBJECT ADDED ENTRY--TOPICAL TERM
Topical term or geographic name entry element Responsibility
Form subdivision Fiction and Literature.
650 #1 - SUBJECT ADDED ENTRY--TOPICAL TERM
Topical term or geographic name entry element Autism
Form subdivision Fiction.
650 #1 - SUBJECT ADDED ENTRY--TOPICAL TERM
Topical term or geographic name entry element Dolphins
Form subdivision Fiction.
650 #1 - SUBJECT ADDED ENTRY--TOPICAL TERM
Topical term or geographic name entry element Siblings
Form subdivision Fiction.
650 #1 - SUBJECT ADDED ENTRY--TOPICAL TERM
Topical term or geographic name entry element Fathers and daughters
Form subdivision Fiction.
650 #1 - SUBJECT ADDED ENTRY--TOPICAL TERM
Topical term or geographic name entry element Stepfathers
Form subdivision Fiction.
650 #1 - SUBJECT ADDED ENTRY--TOPICAL TERM
Topical term or geographic name entry element Family life
Geographic subdivision Florida
-- Miami
Form subdivision Fiction.
650 #1 - SUBJECT ADDED ENTRY--TOPICAL TERM
Topical term or geographic name entry element Responsibility
Form subdivision Fiction.
906 ## - LOCAL DATA ELEMENT F, LDF (RLIN)
a 7
b cbc
c orignew
d 1
e ecip
f 20
g y-gencatlg
942 ## - ADDED ENTRY ELEMENTS (KOHA)
Source of classification or shelving scheme Dewey Decimal Classification
Koha item type Books
Suppress in OPAC No
999 ## -
-- 750
-- 750
Holdings
Withdrawn status Lost status Source of classification or shelving scheme Damaged status Not for loan Collection Home library Current library Shelving location Date acquired Total Checkouts Full call number Barcode Date last seen Date last checked out Copy number Price effective from Koha item type
    Dewey Decimal Classification     Juvenile Fiction Footprints International School Library Network Toul Kork Campus Footprints International School Library Network Toul Kork Campus   07/05/2023 1 ROR 303 PZ7.R69 FISSE02570 03/19/2024 03/12/2024 1 07/05/2023 Books
    Dewey Decimal Classification     Juvenile Fiction Footprints International School Library Network Toul Kork Campus Footprints International School Library Network Toul Kork Campus TTP Primary Orange Bookshelves 07/05/2023   ROR 303 PZ7.R69 FISSE01477 11/04/2024   2 07/05/2023 Books